00593cam a22001933a 450000100060000000300060000600500170001200800410002904000150007004200070008510000160009224501100010826000290021850600300024751600200027765300310029783000290032885600420035741023PGUSA20140828083925.0121011s2012||||xxu|||||s|||||000 | eng d aPGUSAbeng adc1 aHaw, George10aFrom Workhouse to Westminster :bThe Life Story of Will Crooks, M.P.h[electronic resource] /cGeorge Haw bProject Gutenberg,c2012 aPublic domain in the USA. aElectronic text aCrooks, William, 1852-1921 0aProject Gutenbergv4102340uhttp://www.gutenberg.org/ebooks/41023